000 00667nam a2200205Ii 4500
003 JO-AjNU
008 230605s9999||||xx |||||||||||||| ||und||
040 _aJO-AjNU
_bara
_erda
_cJO-AjNU
041 _aara
050 1 4 _aBP89.Q27.2004
100 3 _aالقريوتي،خالد عيسى عبد الله,
_eauthor
_918468
245 0 0 _aالتذكرة في الثقافة الإسلامية
250 _aط1
264 3 1 _aالرياض:مكتبة الرشد ناشرون ،2004
300 _a158ص
336 _atext
_btxt
_2rdacontent
337 _aunmediated
_bn
_2rdamedia
338 _avolume
_bnc
_2rdacarrier
650 4 _aالثقافة الاسلامية
_918469
999 _aA5912
_c9480
_d9480